| 000 | 00392nam a22001697a 4500 | ||
|---|---|---|---|
| 999 |
_c11556 _d11556 |
||
| 003 | OSt | ||
| 008 | 220923b ||||| |||| 00| 0 eng d | ||
| 020 | _a9788184043709 | ||
| 082 | _a153.9 SEP | ||
| 100 | _aSEGARAM,Toby | ||
| 245 | _aProgramming Collective Intelligence | ||
| 250 | _aRep | ||
| 260 |
_aNew Delhi _bSPD O'Reilly _c2022 |
||
| 300 | _a334 | ||
| 650 | _aCSE | ||
| 942 |
_2ddc _cBK |
||